| 000 | 00425nam a22001337a 4500 | ||
|---|---|---|---|
| 040 | _cNUST | ||
| 082 | _a220 PRO | ||
| 100 |
_aAdnan Abid. Bilal Mehmood. Zain Ali _9101013 |
||
| 110 |
_aProject Supervisor: Dr. Nasir Rashid Dr. Tayyab Zaffar _9101014 |
||
| 245 | _aPR-SOF-2135-Development of BCI controlled wheel chair | ||
| 260 |
_aISLAMABAD: _bNUST COLLEGE OF EME, _c2022. |
||
| 650 |
_aDE-MTS-40 _998604 |
||
| 942 |
_2ddc _cPR |
||
| 999 |
_c591991 _d591991 |
||